Obálka Náhled e-knihy:
PDF Epub
Pro půjčování e-knih musíte být přihlášeni.
Jak si půjčit online?

Tomy a přátelé /

Laskavý příběh, ve kterém mohou čtenáři společně s delfíními mláďaty Tomym a Benem prozkoumat život pod hladinou oceánu. Na konci knihy je připojen podmořský slovníček živočichů, kteří v příběhu vystupují.

Uloženo v:
Hlavní autor: Sedláčková, Kateřina, 1991- (Autor)
Další autoři: Radimecká, Adéla, 1988- (Autor)
Médium: E-kniha
Jazyk:Czech
Vydáno: V Praze : Pointa, 2024
Vydání:První vydání
Témata:
Tagy:
Žádné tagy
LEADER 02449nam a2200445 i 4500
001 312570
003 CZ PrSKC
005 20260601215725.0
007 ta
008 241125s2024 xr a b 000 j cze
015 |a cnb003641449 
020 |a 9788076915466  |q (vázáno) :  |c Kč 329,00 
035 |a (OCoLC)1483791013 
040 |a ABG001  |b cze  |e rda 
072 7 |a 821.162.3-3  |x Česká próza  |2 Konspekt 
072 7 |a 821-93  |x Literatura pro děti a mládež (beletrie)  |2 Konspekt 
080 |a 821.162.3-32  |2 MRF 
080 |a 821-93  |2 MRF 
080 |a (0:82-32)  |2 MRF 
100 1 |a Sedláčková, Kateřina,  |d 1991-  |7 xx0326267  |4 aut 
245 1 0 |a Tomy a přátelé /  |c Kateřina Sedláčková ; ilustrovala Adéla Radimecká 
250 |a První vydání 
264 1 |a V Praze :  |b Pointa,  |c 2024 
300 |a 119 stran :  |b barevné ilustrace ;  |c 22 cm 
336 |a text  |b txt  |2 rdacontent 
337 |a bez média  |b n  |2 rdamedia 
338 |a svazek  |b nc  |2 rdacarrier 
500 |a Terminologický slovník 
520 2 |a Laskavý příběh, ve kterém mohou čtenáři společně s delfíními mláďaty Tomym a Benem prozkoumat život pod hladinou oceánu. Na konci knihy je připojen podmořský slovníček živočichů, kteří v příběhu vystupují.  |b Vítejte v podmořské škole! Malý delfín Tomy vplouvá s nadšením do první třídy a spolu se svými spolužáky se těší na skvělé zážitky. Má to ale háček. Kromě hodin rychloplavby, maskování nebo lovu se musí vypořádat také se svým strachem a příšerným barakuďákem Bakym. Naštěstí i pod hladinou platí, že opravdoví přátelé jsou nad zlato. Nakladatelská anotace. Kráceno. 
655 7 |a české příběhy  |7 fd133973  |2 czenas 
655 7 |a publikace pro děti  |7 fd133156  |2 czenas 
655 9 |a Czech stories  |2 eczenas 
655 9 |a children's literature  |2 eczenas 
700 1 |a Radimecká, Adéla,  |d 1988-  |7 xx0326927  |4 ill 
900 |a ABA001  |b 19 
928 9 |a Albatros Media - Pointa 
044 |a xr 
910 |a RBIT002 
998 |d 415727  |a https://core.palmknihy.cz/api/books/415727/cover?sn0uch  |b https://core.palmknihy.cz/api/books/415727/cover/400?sn0uch  |c https://core.palmknihy.cz/api/books/415727/cover/50?sn0uch  |e 2029-04-10  |g 128  |i 9788076915466  |j https://core.palmknihy.cz/api/books/415727/preview.epub  |k https://core.palmknihy.cz/api/books/415727/preview.pdf  |l   |q 49  |r 1  |s https://www.palmknihy.cz/kniha/415727  |t ebook  |y 2024  |z 0 
999 |d 312568